1928 1744 1929 1172 1473 1772 1538 1305 1819 1154 1431 1987 1423 1666 1003 1354 1911 1355 1462 1655 1851 1757 1192 1277 1323 1826 1407 1069 1977 1689 1700 1911 1142 1451 1793 1538 1531 1031 1357 1733 1740 1434 1372 1978 1238 1327 1710 1550 1503 1456 1105 1940 1289 1359 1279 1327 1652 1165 1264 1372 1809 1442 1937 1370 1993 1736 1820 1735 1646 1756 1186 1944 1843 1863 1252 1610 1933 1579 1042 1310 1774 1133 1721 1702 1963 1291 1540 1988 1344 1489 1084 1657 1150 1887 1184 1228 1242 1552 1230 BCNSPRNW ULIB Ver.6.0+V

เปลี่ยนเป็นภาษาไทย

Change to English
 แสดงรายละเอียดบรรณานุกรม
  กลับหน้าหลัก

Brief Record : Get Marc (ISO 2709) : E-mail record : QR code < ปิดหน้าต่าง
LEADER : 00000nam 2200000uu 4500
001    13399112462
003     ULIB
008    110816s2547||||th 000 0 tha d
020    9742779392
020    9789742779399
050  4 HN700.55^bส191ท 2547
100 0  สนธยา พลศรี
245 10 ทฤษฎีและหลักการพัฒนาชุมชน /^cสนธยา พลศรี
250    พิมพ์ครั้งที่ 5
260    กรุงเทพฯ :^bโอเดียนสโตร์,^c2547
300    247 หน้า :^bภาพประกอบ ;^c24 ซม.
650  4 การพัฒนาชุมชน
945    ^p165^l0^i022244
945    ^p165^l0^i022245
945    ^p165^l0^i022246
995    ทศพร
999 ^a ทศพร
รายการนี้ยังไม่มีแท็ก
คุณยังไม่ได้ล็อกอิน คุณสามารถมีกิจกรรมร่วมกับเว็บไซต์ได้ แต่ต้องล็อกอินก่อน ::
  ล็อกอิน

รายการสื่อสารสนเทศ

ลำดับที่ ประเภท เลขเรียก/บาร์โค้ด สถานที่ สถานะ
- ไม่พบข้อมูล -

รายการใกล้เคียง
    ผู้แต่ง [สนธยา พลศรี]

    หัวเรื่อง [การพัฒนาชุมชน]

BibComment


ยังไม่เคยถูกคอมเมนท์

คอมเมนท์ทรัพยากรรายการนี้
  คอมเมนท์: ทฤษฎีและหลักการพั..


 Copyright 2026. Bcnsprnw @Library